| 000 | 00651nam a2200181 a 4500 | ||
|---|---|---|---|
| 001 | 000033052 | ||
| 005 | 20200930070010.0 | ||
| 008 | 110808s1944 xxuabc 000 0 spa d | ||
| 040 |
_aDO-SdBNP _bspa _cBNPHU |
||
| 082 |
_axxx _bN551s |
||
| 100 | 1 |
_aNewman, Oliver P. _958749 |
|
| 245 | 1 | 0 |
_aThe land Columbus loved : _bBare feet and burros of Haiti / _cOliver P. Newman. |
| 260 |
_aWashington : _bThe National Geographic, _c1944. |
||
| 300 |
_a195-328 p. : _bil., mapa, retr. ; _c26 cm. |
||
| 500 | _aThe National Geographic ; v. 85, no. 2 | ||
| 563 | _aDos obras encuadernadas juntas | ||
| 700 | 1 |
_aNewman, Oliver P. _tBare feet and burros of Haiti _958750 |
|
| 999 |
_c32543 _d32543 |
||